000
00317 a2200133 4500
001
155683
040
_c
Escola São Tomás de Aquino
100
_a
MACEDO, Joaquim Manuel
240
1
0
_a
Joaquim Manuel de Macedo
_l
por
245
1
0
_a
Joaquim Manuel de Macedo
362
0
_a
1981
697
_a
GENERALIDADES
942
_c
BK
999
_c
155683
_d
155683